000 00919nam a2200265Ia 4500
003 OSt
005 20220930092217.0
006 a|||||r|||| 00| 0
007 ta
008 220926b |||||||| |||| 00| 0 eng d
024 _a12553
037 _cTheses
040 _aCRL
_cCRL
_beng
041 _2eng
_aeng
100 _aDubey Ritesh Au.
_9548170
110 _aUniversity of Delhi. Faculty of Medical Science. Department of Anaesthesiology
245 0 _aEvaluation of mottling score as an outcome predictor in tients with septic shock admitted in the intensive care unit (ICU) of a tertiary care hospital
260 _c2014
300 _a85p.
_ap.
_ccm.
650 _aANESTHETICS
_9519569
700 _a Sahoo T. K. Gu.
_9548171
700 _aUniversity of Delhi. Faculty of Medical Science. Department of Anaesthesiology
942 _cDIS
_2CC
999 _c883406
_d883406